000 nam a22 a 4500
999 _c3077
_d3077
003 AKMAL
005 20170519110522.0
008 170519s1979 nyu 00 eng d
020 _a0814454828
040 _cAKMAL
082 0 4 _a658.3 KIL
090 0 0 _a658.3
_bKIL
100 1 _aKillian, Ray A
_96387
245 1 0 _aManagers must lead! /
_cRay A. Killian
250 _aRev. ed
260 _aNew York :
_bAMACOM,
_cc1979
300 0 0 _axviii, 254 p ;
_c24 cm
500 _aIncludes index
650 0 _aPersonnel management
_9602
650 0 _aSupervisors
_96388
942 _2ddc
_cBOOK